| 000 | 00452nam a22001457a 4500 | ||
|---|---|---|---|
| 008 | 230609b |||||||| |||| 00| 0 eng d | ||
| 040 |
_aNational Science Library _cNational Science Library |
||
| 080 |
_a621.039.577 _bL3 |
||
| 245 | _aPower and research reactors in member states | ||
| 260 |
_aVienna: _bInternational Atomic Energy Agency, _c1973 |
||
| 300 | _axxxi, 72p. | ||
| 650 | _aReactor research | ||
| 653 | _aPower reactors | ||
| 942 |
_2udc _cBK |
||
| 999 |
_c41819 _d41819 |
||